00000000nas##2200000za#4500
0019.509190
003CaOODSP
00520200331214013
007ta
008150406c1999||||xxc|| m #||||f|   |0eng|d
040 |aCaOODSP|beng
041 |aeng
041 |afre
043 |an-cn---
0861 |aCS96-2
24500|a96 Census: Area profile series : |bProfile of census tracts
260 |aOttawa - Ontario : |bStatistics Canada.
500 |a"The Area Profile Series gives a statistical overview, or profile, of geographic areas. A wide range of census variables are covered in limited detail. The Profile Series consists of data based on a 20% sample except for age, sex and marital status which are obtained on a 100% basis." Canadian cataloguing in publication data printed in these publications.
5203 |aThe Area Profile Series gives a statistical overview, or profile, of geographic areas. A wide range of census variables are covered in limited detail. The Profile Series consists of data based on a 20% sample except for age, sex and marital status which are obtained on a 100% basis
563 |aSoftcover
7101 |aCanada.|bStatistics Canada. |bCensus.
792 |t96 Recensement: Série des profils de secteurs : |efre|w(CaOODSP)9.509191